[Event "Apsap IM"]
[Site "Paris FRA"]
[Date "1994.??.??"]
[Round "3"]
[White "Belkhodja, Slim"]
[Black "Leroy, Adrien"]
[Result "0-1"]
[WhiteElo "2390"]
[BlackElo "2340"]
[PlyCount "138"]
[EventDate "1994.??.??"]
[Source "www.chesslib.no"]
[SourceDate "2004.05.04"]

1. d3 g6 2. g3 Bg7 3. Bg2 d5 4. Nd2 e5 5. e4 dxe4 6. dxe4 Nd7 7. Ngf3 Ngf6 8. O-O O-O 9. a4 a5 10. b3 Qe7 11. Ba3 Nc5 12. Qe2 b6 13. Qe3 Nfd7 14. Rfd1 Bb7 15. Ne1 Rfd8 16. Nc4 Qe8 17. h4 h5 18. Nd3 Bf8 19. Bb2 Nxd3 20. cxd3 Bc5 21. d4 exd4 22. Bxd4 Bxd4 23. Rxd4 Ne5 24. Nxe5 Qxe5 25. Rad1 Rxd4 26. Rxd4 Re8 27. f4 Qc5 28. e5 Bxg2 29. Kxg2 Qc2+ 30. Rd2 Qc6+ 31. Qf3 Re6 32. Rd3 f6 33. Qxc6 Rxc6 34. Kf3 Kf7 35. Ke4 Ke6 36. Rd8 fxe5 37. fxe5 Rc3 38. Rf8 Rxg3 39. Rf6+ Kd7 40. Kd5 Rd3+ 41. Kc4 Rg3 42. Kd5 c6+ 43. Kc4 Rg4+ 44. Kc3 Rg3+ 45. Kc4 Rg4+ 46. Kc3 b5 47. axb5 cxb5 48. Kd3 Ke7 49. Kc3 a4 50. bxa4 bxa4 51. Kb2 Rg3 52. Ka2 a3 53. Ka1 Rg2 54. Kb1 Ke8 55. Ka1 a2 56. Rb6 Kf7 57. e6+ Ke7 58. Rb7+ Kxe6 59. Re7+ Kf5 60. Re5+ Kf4 61. Rf5+ Ke3 62. Rf3+ Ke2 63. Re3+ Kf2 64. Rf3+ Kg1 65. Rf1+ Kh2 66. Rh1+ Kg3 67. Rh3+ Kg4 68. Rh2 Rg1+ 69. Kxa2 Kg3 0-1

[Event "otb"]
[Site "otb"]
[Date "2007.04.05"]
[Round "5"]
[White "Pakleza Zbigniew"]
[Black "Hernandez Elvis"]
[Result "1-0"]
[WhiteElo "2446"]
[BlackElo "2283"]
[PlyCount "151"]
[Source "www.chesslib.no"]
[SourceDate "2004.05.04"]

1. d3 d5 2. c3 e6 3. g3 c5 4. e4 Nc6 5. f4 g6 6. Nf3 Bg7 7. Bg2 Nge7 8. O-O O-O 9. a4 b6 10. Na3 a6 11. Nc2 Bb7 12. Qe2 b5 13. e5 Qd7 14. Be3 c4 15. d4 bxa4 16. Bf2 Rae8 17. g4 f6 18. exf6 Rxf6 19. Bg3 Nc8 20. Ne3 Rff8 21. h4 Nd6 22. Ne5 Nxe5 23. fxe5 Rxf1+ 24. Rxf1 Nc8 25. g5 Ne7 26. Ng4 Nf5 27. Qf2 Rf8 28. Nf6+ Bxf6 29. exf6 h5 30. Re1 Kf7 31. Bh3 Re8 32. Qf4 Nxg3 33. Qxg3 Bc6 34. Qe5 Bb7 35. Kf2 Bc8 36. Re2 Qc6 37. Qb8 Bd7 38. Qe5 Qb6 39. Kf3 Qb8 40. Kf4 Rc8 41. Bg2 Re8 42. Bf3 Rd8 43. Rg2 Be8 44. Bxh5 gxh5 45. g6+ Kf8 46. f7 Bxf7 47. gxf7 Qxe5+ 48. Kxe5 Kxf7 49. Rf2+ Ke7 50. Rf6 Rd6 51. Rh6 Rb6 52. Rxh5 Rxb2 53. Rh7+ Kf8 54. Kf6 Kg8 55. Ra7 Rf2+ 56. Kxe6 Rf3 57. Rxa6 Rxc3 58. Rxa4 Rh3 59. Kxd5 Rxh4 60. Rxc4 Kf7 61. Kd6 Rg4 62. Rc7+ Ke8 63. Rc8+ Kf7 64. d5 Rg1 65. Kd7 Rd1 66. d6 Ra1 67. Rc2 Ra7+ 68. Rc7 Ra8 69. Rc2 Ra7+ 70. Kc8 Ke6 71. d7 Ra8+ 72. Kb7 Rd8 73. Kc6 Ra8 74. Re2+ Kf7 75. Kb7 Rf8 76. Kc7 1-0

[Event "XIV Open"]
[Site "Ljubljana"]
[Date "2003.06.27"]
[Round "9"]
[White "Piskur, Mitja"]
[Black "Gostisa, Leon"]
[Result "1/2-1/2"]
[WhiteElo "2301"]
[BlackElo "2421"]
[PlyCount "81"]
[EventDate "2003.06.21"]
[Source "Roberto Alvarez"]
[SourceDate "2003.07.07"]

1. d3 e5 2. d4 exd4 3. Nf3 c5 4. e3 dxe3 5. Bxe3 Nf6 6. Nc3 Nc6 7. Qe2 d5 8. Bxc5+ Be6 9. Bxf8 Rxf8 10. O-O-O Qa5 11. Nd4 O-O-O 12. Nxc6 bxc6 13. Rd4 Qc5 14. Qd2 Ne4 15. Na4 Nxd2 16. Nxc5 Nxf1 17. Rxf1 Kc7 18. b4 Rfe8 19. Re1 Bc8 20. Rxe8 Rxe8 21. Kd2 Re5 22. Rf4 f6 23. Rf3 Kb6 24. a4 Kc7 25. c3 Kd6 26. Re3 Bf5 27. f4 Rxe3 28. Kxe3 Bg4 29. Kd4 Bf5 30. a5 Bg4 31. Nd3 Be2 32. Nc5 Bg4 33. c4 dxc4 34. Kxc4 Bf5 35. Kd4 Bc2 36. g3 Bf5 37. Nb3 Be6 38. Nc5 Bf5 39. Nb3 Be6 40. Nc5 Bf5 41. Nb3 1/2-1/2

[Event "RUS-Cup03"]
[Site "Tomsk"]
[Date "2002.07.10"]
[Round "3"]
[White "Panov, Igor"]
[Black "Katalymov, Boris N"]
[Result "1-0"]
[WhiteElo "2312"]
[BlackElo "2401"]
[PlyCount "93"]
[EventDate "2002.07.08"]
[Source "ChessBase"]
[SourceDate "2002.09.11"]

1. d3 d5 2. Nf3 c5 3. g3 Nc6 4. Bg2 e5 5. O-O Bd6 6. Nbd2 Nge7 7. c4 d4 8. Ne4 O-O 9. e3 a5 10. exd4 cxd4 11. Nxd6 Qxd6 12. b3 Bg4 13. a3 f5 14. Qe1 f4 15. Ra2 Qg6 16. Rd2 Qh5 17. Qe4 Rf6 18. h4 Raf8 19. Nh2 Bc8 20. Qf3 Qf7 21. Ng4 Rg6 22. Nh2 Nf5 23. b4 Ne3 24. fxe3 dxe3 25. Rb2 Nd4 26. Qe4 Rxg3 27. Qxe5 e2 28. Qxd4 exf1=Q+ 29. Nxf1 Rg4 30. Nh2 Rxh4 31. Nf3 Rh5 32. Re2 axb4 33. axb4 Bg4 34. Ne5 Qf6 35. Qd5+ Be6 36. Nd7 Bxd5 37. Nxf6+ Rxf6 38. Bxd5+ Kf8 39. b5 Rxd5 40. cxd5 Rb6 41. Bxf4 Rxb5 42. d6 Rd5 43. Rb2 b5 44. Kf2 g5 45. Bh2 Rxd3 46. Rxb5 Rd2+ 47. Ke3 1-0

[Event "It"]
[Site "It"]
[Date "1995.??.??"]
[Round "9"]
[White "Duckworth, William Mark"]
[Black "Silman, Jeremy D"]
[Result "0-1"]
[WhiteElo "2290"]
[BlackElo "2420"]
[PlyCount "104"]
[EventDate "1995.??.??"]
[Source "www.chesslib.no"]
[SourceDate "2004.05.04"]

1. d3 e5 2. Nc3 d5 3. d4 e4 4. Bf4 c6 5. e3 f5 6. Nge2 Nf6 7. Qd2 Be6 8. h3 Bd6 9. Bxd6 Qxd6 10. O-O-O Nbd7 11. Kb1 b5 12. Nc1 a5 13. f4 h5 14. g3 a4 15. a3 Ke7 16. N3a2 h4 17. gxh4 Rxh4 18. Rg1 Rg8 19. Nb4 Nb6 20. Rg3 g6 21. Qg2 Bf7 22. Nca2 Nbd7 23. Be2 Nf8 24. Rh1 Ne6 25. Qf1 Rgh8 26. Nc3 g5 27. Rxg5 Nxg5 28. fxg5 Ne8 29. Qxf5 Be6 30. Qf1 Rxh3 31. Rxh3 Rxh3 32. Bxb5 Rf3 33. Qh1 cxb5 34. Nxb5 Qg3 35. Qh7+ Rf7 36. Qh6 Qxe3 37. Nc6+ Kd7 38. Ne5+ Ke7 39. Nc6+ Kd7 40. Ne5+ Kd8 41. Nxf7+ Bxf7 42. Qb6+ Ke7 43. Qc5+ Ke6 44. Qc6+ Kf5 45. Qd7+ Kg6 46. Qe7 Qxg5 47. Qd7 e3 48. Nc3 Qf5 49. Qd8 Qf6 50. Qc8 Qe6 51. Qd8 e2 52. Nxe2 Qxe2 0-1

[Event "Budapest HUN"]
[Site "?"]
[Date "1999.03.19"]
[Round "3"]
[White "Francsics Endre"]
[Black "Galyas Miklos"]
[Result "1/2-1/2"]
[WhiteElo "2270"]
[BlackElo "2440"]
[PlyCount "42"]
[EventDate "1999.??.??"]
[Source "www.chesslib.no"]
[SourceDate "2004.05.04"]

1. d3 d5 2. g3 e5 3. Bg2 Nf6 4. Nd2 Nc6 5. e4 dxe4 6. dxe4 Bc5 7. c3 a5 8. Ngf3 O-O 9. O-O Qe7 10. Qc2 b6 11. Nb3 Bd6 12. a4 Ba6 13. Re1 Rfd8 14. Nfd2 Qe6 15. f3 Nd7 16. Bf1 Nc5 17. Nxc5 Bxc5+ 18. Kg2 Bxf1+ 19. Nxf1 Qc4 20. Re2 Qd3 21. Be3 Qxc2 1/2-1/2

[Event "BRA-ch+"]
[Site "Sao Paulo BRA"]
[Date "1988.??.??"]
[Round "3"]
[White "Gouveia, Carlos E"]
[Black "Van Riemsdijk, Herman C"]
[Result "0-1"]
[WhiteElo "2370"]
[BlackElo "2335"]
[PlyCount "87"]
[EventDate "1988.??.??"]
[Source "www.chesslib.no"]
[SourceDate "2004.05.04"]

1. d3 d5 2. f4 Nc6 3. d4 f6 4. e3 e5 5. Nf3 Bf5 6. Be2 exf4 7. exf4 Bd6 8. O-O Nge7 9. c4 dxc4 10. Bxc4 Qd7 11. Nc3 O-O-O 12. Be3 Na5 13. Be2 Qe6 14. Bf2 Nd5 15. Nxd5 Qxd5 16. Nd2 Bxf4 17. Bf3 Qb5 18. b4 Nc6 19. Nb3 Bd6 20. Nc5 Bxc5 21. bxc5 Bd3 22. Bxc6 bxc6 23. Re1 Rhe8 24. Qg4+ f5 25. Qxg7 Rg8 26. Qe5 Be4 27. Bg3 Rd7 28. Rxe4 fxe4 29. Qxe4 Qc4 30. Rd1 Qd5 31. Qe2 Kb7 32. Be5 Ka8 33. a4 Re7 34. Rd2 Rf8 35. a5 Ref7 36. Rd1 Rf2 37. Qg4 h5 38. Qg5 Ra2 39. Qg3 Rg8 40. Bg7 h4 41. Qh3 Qg5 42. Qf3 Qg6 43. Be5 Rxg2+ 44. Kf1 0-1

[Event "Young Masters 7th"]
[Site "Loures"]
[Date "1999.11.29"]
[Round "7"]
[White "Leonardo, Joao"]
[Black "Kovacevic, Slobodan"]
[Result "1/2-1/2"]
[WhiteElo "2299"]
[BlackElo "2404"]
[PlyCount "96"]
[EventDate "1999.11.23"]
[Source "ChessBase"]
[SourceDate "2000.01.11"]

1. d3 c5 2. g3 Nf6 3. Bg2 Nc6 4. e4 d5 5. exd5 Nxd5 6. Ne2 e5 7. O-O Be7 8. Nbc3 Be6 9. f4 exf4 10. Bxd5 Bxd5 11. Nxf4 Be6 12. Nxe6 fxe6 13. Be3 Qd7 14. Ne4 b6 15. a4 a5 16. Ng5 Bxg5 17. Qh5+ g6 18. Qxg5 Rf8 19. Rae1 Rf7 20. Rf2 Rxf2 21. Bxf2 Qe7 22. Qg4 Kd7 23. c3 Rf8 24. d4 Qf6 25. Qe2 cxd4 26. cxd4 Nxd4 27. Rd1 e5 28. Bxd4 exd4 29. Qb5+ Kc7 30. Qc4+ Kb7 31. Qd5+ Kc7 32. Qc4+ Kb7 33. Qd5+ Kb8 34. Qxd4 Qxd4+ 35. Rxd4 Rc8 36. b4 axb4 37. Rxb4 Ka7 38. Re4 Ka6 39. h4 Rc2 40. Re7 Ka5 41. Ra7+ Kb4 42. Ra6 Rc6 43. Kg2 Kc5 44. Kf3 Rd6 45. Kf4 h6 46. Ke3 Re6+ 47. Kf4 Rd6 48. Ke3 Re6+ 1/2-1/2

[Event "GRE-chT"]
[Site "?"]
[Date "1997.??.??"]
[Round "4"]
[White "Gelashvili Tamaz"]
[Black "Nikolaidis Konstantinos"]
[Result "1-0"]
[WhiteElo "2360"]
[BlackElo "2340"]
[PlyCount "59"]
[EventDate "1997.??.??"]
[Source "www.chesslib.no"]
[SourceDate "2004.05.04"]

1. d3 c5 2. g3 g6 3. Bg2 Bg7 4. e4 e5 5. Ne2 Ne7 6. Nbc3 Nbc6 7. O-O O-O 8. Be3 d6 9. Qd2 Rb8 10. f4 Nd4 11. Rf2 Bg4 12. Raf1 Qd7 13. Nc1 b5 14. fxe5 dxe5 15. Bg5 b4 16. Nd1 Rb6 17. c3 bxc3 18. bxc3 Nb5 19. Ne3 Be6 20. Nc4 Ra6 21. Nb3 Rc6 22. Nba5 Rcc8 23. Bf6 Bxf6 24. Rxf6 Qc7 25. a4 Nd6 26. Nxd6 Qxd6 27. Bh3 Rfd8 28. Bxe6 fxe6 29. Nb7 Qxd3 30. Rf8+ 1-0

[Event "BL2-N 9293"]
[Site "GER"]
[Date "1993.??.??"]
[Round "?"]
[White "Tomczak, Rainer"]
[Black "Cladouras, Panagiotis"]
[Result "1/2-1/2"]
[WhiteElo "2365"]
[BlackElo "2330"]
[PlyCount "122"]
[EventDate "1992.10.??"]
[Source "www.chesslib.no"]
[SourceDate "2004.05.04"]

1. d3 d5 2. Nf3 Nc6 3. e4 dxe4 4. dxe4 Qxd1+ 5. Kxd1 Bg4 6. c3 O-O-O+ 7. Kc2 Nf6 8. Bd3 e5 9. Bg5 Be7 10. Nbd2 h6 11. Bh4 a6 12. Rab1 Nd7 13. Bxe7 Nxe7 14. b4 Rhf8 15. b5 axb5 16. Rxb5 c6 17. Rb4 f6 18. Nb3 Kc7 19. Rb1 Ra8 20. a4 Nc8 21. a5 Nd6 22. Nfd2 Be6 23. f3 Ra7 24. Bc4 Nxc4 25. Nxc4 Bxc4 26. Rxc4 h5 27. h3 h4 28. Ra4 Rd8 29. Rd1 Raa8 30. Raa1 Nf8 31. Nc5 Rxd1 32. Kxd1 Ra7 33. Rb1 g5 34. Ke1 Nd7 35. Nxd7 Kxd7 36. Kf2 Kc8 37. Rd1 Kc7 38. Ra1 Kd6 39. g3 hxg3+ 40. Kxg3 Ke6 41. Kg4 Ra6 42. Ra4 c5 43. Kh5 Kf7 44. Kh6 Ra8 45. Kh5 Rh8+ 46. Kg4 Kg6 47. a6 bxa6 48. Rxa6 Rb8 49. Ra5 Rc8 50. c4 Rc7 51. Ra6 Rc8 52. h4 gxh4 53. Kxh4 Rh8+ 54. Kg3 Rc8 55. f4 exf4+ 56. Kxf4 Rh8 57. Kg4 Rd8 58. e5 Rd4+ 59. Kf3 Rxc4 60. Rxf6+ Kg7 61. Ke3 Rh4 1/2-1/2

[Event "XIV Open"]
[Site "Ljubljana"]
[Date "2003.06.25"]
[Round "7"]
[White "Piskur, Mitja"]
[Black "Nikolov, Sasho"]
[Result "0-1"]
[WhiteElo "2301"]
[BlackElo "2392"]
[PlyCount "66"]
[EventDate "2003.06.21"]
[Source "Roberto Alvarez"]
[SourceDate "2003.07.07"]

1. d3 d5 2. e4 Nc6 3. Nd2 Nf6 4. Ngf3 Bg4 5. h3 Bxf3 6. Qxf3 Qd7 7. c3 O-O-O 8. exd5 Nxd5 9. Qxf7 Ne5 10. Qh5 Qe6 11. Ne4 Nf6 12. Qh4 Nxd3+ 13. Bxd3 Rxd3 14. f3 g5 15. Bxg5 Rg8 16. Bxf6 exf6 17. O-O f5 18. Qf6 Qd5 19. c4 Qd7 20. Nf2 Bc5 21. Kh1 Rd6 22. Qh4 Rd2 23. Rae1 Qg7 24. g4 Qxb2 25. Qxh7 Rf8 26. Qg6 b6 27. Re8+ Rxe8 28. Qxe8+ Kb7 29. gxf5 Rxf2 30. Qe4+ c6 31. Rxf2 Qxf2 32. Qg4 Qf1+ 33. Kh2 Bd6+ 0-1

[Event "Budapest HUN"]
[Site "?"]
[Date "2000.03.23"]
[Round "7"]
[White "Francsics Endre"]
[Black "Galyas Miklos"]
[Result "0-1"]
[WhiteElo "2248"]
[BlackElo "2440"]
[PlyCount "87"]
[EventDate "2000.??.??"]
[Source "www.chesslib.no"]
[SourceDate "2004.05.04"]

1. d3 d5 2. g3 e5 3. Bg2 Nf6 4. Nf3 Bd6 5. O-O O-O 6. Nbd2 c6 7. e4 Na6 8. Re1 Re8 9. b3 d4 10. a4 Nb4 11. Nc4 a5 12. Bd2 Bg4 13. h3 Bxf3 14. Bxf3 Bf8 15. Kh2 b5 16. Na3 Rb8 17. Bg4 Nxg4+ 18. Qxg4 Na6 19. Nb1 Bb4 20. Bxb4 Nxb4 21. Na3 Qc8 22. Qe2 Qe6 23. Qd2 f5 24. f4 Qh6 25. Rad1 exf4 26. Qxf4 Qxf4 27. gxf4 bxa4 28. bxa4 Na2 29. Nc4 Nc3 30. Ra1 fxe4 31. dxe4 Nxe4 32. Ne5 Nf6 33. Nxc6 Rxe1 34. Rxe1 Rb2 35. Nxd4 Rb4 36. Ne6 Rxa4 37. Re5 Re4 38. Kg3 Rxe5 39. fxe5 Nd7 40. Kf4 a4 41. Nd4 a3 42. Nb3 a2 43. Na1 Kf7 44. Kf5 0-1

[Event "Ch (Men) Buenos Aires ARG"]
[Site "?"]
[Date "2006.03.23"]
[Round "3.4"]
[White "Blit Jacques"]
[Black "Rosito Jorge"]
[Result "1-0"]
[WhiteElo "2270"]
[BlackElo "2416"]
[PlyCount "37"]
[EventDate "2006.??.??"]
[Source "www.chesslib.no"]
[SourceDate "2004.05.04"]

1. d3 d5 2. Nf3 Nf6 3. Nbd2 c5 4. e4 Nc6 5. g3 e5 6. exd5 Nxd5 7. Bg2 Be7 8. O-O O-O 9. Re1 f6 10. c3 Kh8 11. a3 Bg4 12. h3 Bf5 13. d4 exd4 14. Nh4 Bg6 15. Nxg6+ hxg6 16. Nf3 g5 17. Nh4 Ne5 18. Rxe5 fxe5 19. Ng6+ 1-0

[Event "Oberliga Nord O 9495"]
[Site "GER"]
[Date "1995.??.??"]
[Round "?"]
[White "Schoene, Ralf"]
[Black "Baumbach, Friedrich"]
[Result "1-0"]
[WhiteElo "2355"]
[BlackElo "2330"]
[PlyCount "81"]
[EventDate "1994.10.??"]
[Source "www.chesslib.no"]
[SourceDate "2004.05.04"]

1. d3 d5 2. g3 Nf6 3. Bg2 e5 4. Nf3 Bd6 5. O-O O-O 6. c4 c6 7. Qc2 Qe7 8. e4 dxe4 9. dxe4 Na6 10. Nc3 Be6 11. b3 Nb4 12. Qe2 a5 13. Bb2 Rfd8 14. h3 Bc7 15. Rad1 Rxd1 16. Nxd1 Nd7 17. Bc3 f6 18. Ne3 Nc5 19. Nh4 Rd8 20. Nhf5 Bxf5 21. Nxf5 Qd7 22. a3 Nba6 23. Qb2 Ne6 24. b4 axb4 25. axb4 Qd3 26. Re1 Nd4 27. Bf1 Nf3+ 28. Kh1 Qd7 29. Rb1 Ng5 30. Qc2 c5 31. h4 Ne6 32. b5 Nb4 33. Qb3 g6 34. Ne3 Nd4 35. Qd1 Ndc2 36. Qf3 Nxe3 37. Qxe3 Nc2 38. Qxc5 Nd4 39. b6 Qg4 40. Bg2 Bd6 41. Qd5+ 1-0

[Event "Oberliga Nord O 9596"]
[Site "GER"]
[Date "1996.??.??"]
[Round "?"]
[White "Schoene, Ralf"]
[Black "Knuth, Hannes"]
[Result "1/2-1/2"]
[WhiteElo "2405"]
[BlackElo "2280"]
[PlyCount "93"]
[EventDate "1995.10.??"]
[Source "www.chesslib.no"]
[SourceDate "2004.05.04"]

1. d3 g6 2. c4 Bg7 3. Nc3 b6 4. e4 Bb7 5. g3 c5 6. Bg2 Nc6 7. f4 h5 8. Nf3 d6 9. Be3 Nd4 10. Qd2 e6 11. Ne2 Nxe2 12. Qxe2 Nf6 13. h3 Qc7 14. O-O-O O-O-O 15. Kb1 d5 16. cxd5 exd5 17. e5 Ng8 18. Rc1 Kb8 19. b4 Bf8 20. Qc2 Rc8 21. Qb2 d4 22. Nxd4 Bxg2 23. Qxg2 Qd7 24. Nc2 cxb4 25. Qe4 Qb7 26. Bd4 Qxe4 27. dxe4 Kb7 28. Ne3 Rxc1+ 29. Rxc1 Ne7 30. Bb2 Nc6 31. Nd5 Bg7 32. h4 Rd8 33. Rc4 Bf8 34. Rc2 Bc5 35. Kc1 Na5 36. Rg2 Nc4 37. Kb1 a5 38. Re2 a4 39. Kc2 Kc6 40. Bc1 b5 41. Bb2 Na5 42. Kb1 b3 43. axb3 Nxb3 44. Rc2 Rxd5 45. exd5+ Kxd5 46. Re2 Bd4 47. Bxd4 1/2-1/2

[Event "ROM Team Ch"]
[Site "Romania"]
[Date "1994.??.??"]
[Round "?"]
[White "Mozes, Ervin"]
[Black "Gordan, Nicolae"]
[Result "1/2-1/2"]
[WhiteElo "2385"]
[BlackElo "2295"]
[PlyCount "50"]
[EventDate "1994.??.??"]
[Source "www.chesslib.no"]
[SourceDate "2004.05.04"]

1. d3 Nf6 2. g3 d6 3. Bg2 Nc6 4. Nf3 Bg4 5. h3 Bd7 6. c3 e5 7. Nbd2 Be7 8. Nc4 Qc8 9. e4 h6 10. Ne3 Nh7 11. h4 Nf6 12. Qe2 Ng4 13. Nd5 Bd8 14. Bd2 Ne7 15. Ne3 Nxe3 16. Bxe3 c6 17. d4 f6 18. h5 Bg4 19. Qc2 Bb6 20. a4 Qe6 21. a5 Bc7 22. Rh4 Qc8 23. b4 Be6 24. Nd2 b6 25. Qa4 O-O 1/2-1/2

[Event "Porto Mannu"]
[Site "Palau ITA"]
[Date "2007.05.20"]
[Round "2.5"]
[White "Ibba, Isacco"]
[Black "Aagaard, Jacob"]
[Result "0-1"]
[WhiteElo "2203"]
[BlackElo "2477"]
[PlyCount "66"]
[EventDate "2007.05.19"]
[Source "www.chesslib.no"]
[SourceDate "2004.05.04"]

1. d3 d5 2. f4 Nc6 3. Nf3 Bg4 4. g3 Bxf3 5. exf3 d4 6. Bh3 g6 7. O-O e6 8. c3 Qd7 9. Re1 Bd6 10. Nd2 dxc3 11. Ne4 c2 12. Qxc2 O-O-O 13. Be3 Nh6 14. Qa4 a6 15. Nf6 Qe7 16. Nd5 Qf8 17. Rec1 Nf5 18. Bxf5 gxf5 19. Rxc6 exd5 20. Rac1 bxc6 21. Qxa6+ Kd7 22. Qxc6+ Ke7 23. Bd4 f6 24. Qxd5 Qf7 25. Re1+ Kf8 26. Qxf5 Rg8 27. g4 Be7 28. Bc3 Rd5 29. Qe4 f5 30. Qc4 fxg4 31. Rxe7 Qxe7 32. Qxd5 gxf3+ 33. Kh1 Rg1+ 0-1

[Event "WchT U26"]
[Site "Paranana"]
[Date "1993.??.??"]
[Round "?"]
[White "Wians, Camille"]
[Black "Chabanon, Jean-Luc"]
[Result "1/2-1/2"]
[WhiteElo "2250"]
[BlackElo "2425"]
[PlyCount "25"]
[EventDate "1993.11.??"]
[Source "www.chesslib.no"]
[SourceDate "2004.05.04"]

1. d3 d5 2. Nf3 c6 3. Bf4 Bg4 4. Nbd2 Nd7 5. h3 Bh5 6. g4 Bg6 7. Bg2 e6 8. e4 Bc5 9. Qe2 Ne7 10. O-O-O Qa5 11. Kb1 Qa6 12. Ne5 O-O-O 13. exd5 1/2-1/2

[Event "Budapest HUN"]
[Site "?"]
[Date "1998.??.??"]
[Round "?"]
[White "Francsics Endre"]
[Black "Borocz Istvan"]
[Result "0-1"]
[WhiteElo "2245"]
[BlackElo "2430"]
[PlyCount "96"]
[EventDate "1998.??.??"]
[Source "www.chesslib.no"]
[SourceDate "2004.05.04"]

1. d3 e5 2. Nf3 Nc6 3. c3 f5 4. e4 Nf6 5. exf5 d5 6. d4 e4 7. Ne5 Bxf5 8. Bb5 Bd7 9. Bxc6 bxc6 10. Nd2 Bd6 11. f3 O-O 12. O-O Qe8 13. Nxd7 Qxd7 14. fxe4 dxe4 15. Nc4 Ng4 16. Nxd6 Rxf1+ 17. Qxf1 cxd6 18. Qe2 Rf8 19. h3 Nf2 20. Bd2 d5 21. Be1 Nd3 22. Bg3 Qf5 23. b3 Qg5 24. Kh2 Rf6 25. Rd1 h5 26. Qd2 Qf5 27. Qe3 Rg6 28. Rd2 Qf6 29. Bc7 Qe7 30. Bf4 Rf6 31. Bg5 Qd6+ 32. Qg3 Qxg3+ 33. Kxg3 Rf5 34. Kh4 g6 35. b4 Rf1 36. a4 Ra1 37. a5 Kf7 38. Rc2 Ke6 39. Bd8 Kf5 40. Bg5 Ke6 41. Rd2 a6 42. Bh6 Rf1 43. Kg3 Kf6 44. c4 g5 45. cxd5 cxd5 46. h4 gxh4+ 47. Kxh4 Rh1+ 48. Kg3 Kf5 0-1

[Event "Corr"]
[Site "corr"]
[Date "1988.??.??"]
[Round "?"]
[White "Jones, Andrew R"]
[Black "Lane, Gary W"]
[Result "1/2-1/2"]
[WhiteElo "2260"]
[BlackElo "2410"]
[PlyCount "55"]
[EventDate "1988.??.??"]
[Source "www.chesslib.no"]
[SourceDate "2004.05.04"]

1. d3 e5 2. Nc3 d5 3. g3 Nf6 4. Bg2 h6 5. e4 dxe4 6. dxe4 Qxd1+ 7. Nxd1 Nc6 8. Bd2 Be6 9. Ne2 O-O-O 10. Ne3 Bc5 11. Nc1 Nb4 12. Nb3 Be7 13. Bxb4 Bxb4+ 14. c3 Be7 15. Rd1 Rxd1+ 16. Kxd1 b6 17. Kc2 a5 18. f3 a4 19. Nc1 b5 20. a3 Kb7 21. f4 Bc5 22. fxe5 Nd7 23. Nf5 g6 24. Nd4 Nxe5 25. Nd3 Nxd3 26. Nxe6 fxe6 27. Kxd3 Kc6 28. Rd1 1/2-1/2

[Event "Budapest HUN"]
[Site "?"]
[Date "1998.08.08"]
[Round "8"]
[White "Francsics Endre"]
[Black "Dobos Jozsef"]
[Result "0-1"]
[WhiteElo "2285"]
[BlackElo "2385"]
[PlyCount "74"]
[EventDate "1998.??.??"]
[Source "www.chesslib.no"]
[SourceDate "2004.05.04"]

1. d3 d5 2. c3 e5 3. g3 c5 4. Bg2 Nc6 5. e4 Nge7 6. Nf3 d4 7. Na3 Ng6 8. c4 Be7 9. Nc2 h5 10. h4 Bg4 11. Bd2 Qd7 12. Qb1 a5 13. Ng5 f6 14. Nh3 Nb4 15. Na3 f5 16. Ng5 Bxg5 17. hxg5 f4 18. Nb5 fxg3 19. fxg3 h4 20. Bxb4 axb4 21. Qc2 hxg3 22. Rxh8+ Nxh8 23. Kd2 Qe7 24. Kc1 Qxg5+ 25. Qd2 Qxd2+ 26. Kxd2 Ke7 27. Rg1 Rf8 28. Bf1 Rf2+ 29. Ke1 Rf3 30. Nc7 Be6 31. Rh1 Ng6 32. Rh7 Rf7 33. Rh5 g2 34. Bxg2 Nf4 35. Rh2 Nxd3+ 36. Kd2 Bxc4 37. Bh3 Nxb2 0-1

[Event "Balaguer open"]
[Site "?"]
[Date "2003.07.16"]
[Round "2"]
[White "Mirzoev Azer"]
[Black "Ramoneda Rumi Aitor"]
[Result "1-0"]
[WhiteElo "2522"]
[BlackElo "2146"]
[PlyCount "109"]
[EventDate "2003.??.??"]
[Source "www.chesslib.no"]
[SourceDate "2004.05.04"]

1. d3 d5 2. a3 g6 3. Nf3 Bg7 4. g3 e5 5. Bg2 Ne7 6. c4 dxc4 7. Qa4+ Nd7 8. Qxc4 O-O 9. O-O h6 10. Nc3 Nb6 11. Qb3 Be6 12. Qc2 Nbd5 13. Bd2 Nc6 14. Ne4 Bg4 15. e3 Qc8 16. Rfc1 Rd8 17. b4 a6 18. Rab1 Bf5 19. Nc5 Nde7 20. Bc3 b6 21. Ne4 Bxe4 22. dxe4 Qe6 23. Nd2 a5 24. b5 Nb8 25. Bf1 g5 26. Bc4 Qg6 27. Nf3 Nd7 28. Rd1 Kh7 29. Rbc1 f6 30. a4 Nc5 31. Bb2 Bf8 32. Ba3 Ng8 33. Bd5 Rab8 34. Qc4 Bd6 35. h4 Ne7 36. Bxc5 Bxc5 37. Bf7 Qg7 38. hxg5 hxg5 39. Kg2 Qf8 40. Rh1+ Kg7 41. Be6 Ng6 42. Bf5 Qe7 43. Rh5 Rh8 44. Rch1 Rxh5 45. Rxh5 Rf8 46. Qf1 Qe8 47. Qh1 Nh4+ 48. Rxh4 gxh4 49. Nxh4 Qh5 50. Be6 Rh8 51. Qh3 Bd6 52. Bd5 f5 53. Nxf5+ Kf8 54. Nh4 Ke8 55. Qc8+ 1-0

[Event "Pancevo SCG, Vojvodina League 05"]
[Site "?"]
[Date "2005.10.03"]
[Round "1"]
[White "Vujadinovic Goran"]
[Black "Saric Sinisa"]
[Result "1/2-1/2"]
[WhiteElo "2358"]
[BlackElo "2310"]
[PlyCount "31"]
[EventDate "2005.??.??"]
[Source "www.chesslib.no"]
[SourceDate "2004.05.04"]

1. d3 g6 2. g3 Bg7 3. Bg2 Nc6 4. e4 d6 5. f4 e5 6. Ne2 Nge7 7. c4 O-O 8. Nbc3 Rb8 9. O-O a6 10. h3 f5 11. Be3 Be6 12. Qd2 Kh8 13. Rac1 Qd7 14. Kh2 b5 15. b3 Nd4 16. Nd5 1/2-1/2

[Event "Budapest FS11 IM-A"]
[Site "Budapest"]
[Date "1997.11.06"]
[Round "5"]
[White "Francsics, Endre"]
[Black "Gonzalez Garcia, Jose"]
[Result "1/2-1/2"]
[WhiteElo "2245"]
[BlackElo "2420"]
[PlyCount "159"]
[EventDate "1997.11.02"]
[Source "ChessBase"]
[SourceDate "1998.03.09"]

1. d3 g6 2. e4 Bg7 3. f4 c5 4. c3 Nc6 5. Nf3 d6 6. Be2 Nf6 7. O-O O-O 8. Kh1 c4 9. Na3 cxd3 10. Qxd3 a6 11. Be3 b5 12. Nd4 Nxd4 13. Bxd4 Bb7 14. Bxf6 Bxf6 15. Nc2 Rc8 16. Qe3 Qc7 17. a4 Qc5 18. axb5 axb5 19. Rf3 Ra8 20. Rxa8 Rxa8 21. b4 Qxe3 22. Rxe3 Ra2 23. Bd1 e5 24. f5 gxf5 25. exf5 Kf8 26. h4 d5 27. Re2 d4 28. cxd4 exd4 29. Nxd4 Ra1 30. Rd2 Rb1 31. Kh2 Rxb4 32. Nf3 Rf4 33. Kg3 Rxf5 34. Bc2 Rh5 35. Kg4 Bxf3+ 36. gxf3 Rxh4+ 37. Kf5 Be7 38. Be4 Rh5+ 39. Kg4 Rg5+ 40. Kf4 Rc5 41. Rd7 h6 42. Rb7 Rg5 43. Bf5 b4 44. Rb8+ Kg7 45. Rb7 Bd6+ 46. Ke4 Kf6 47. Bh7 Rg7 48. Bf5 Rg1 49. Bg4 Re1+ 50. Kd5 Rd1+ 51. Ke4 Bc5 52. Kf4 Re1 53. Bh5 Bd6+ 54. Kg4 Rg1+ 55. Kh4 Be7 56. Kh3 Rg5 57. Bg4 Rc5 58. Rxb4 h5 59. Bd7 Rd5 60. Bc6 Rd2 61. Rb5 Bd6 62. f4 Rd3+ 63. Kh4 Bxf4 64. Kxh5 Rg3 65. Bd7 Be5 66. Rb6+ Ke7 67. Bg4 Bf4 68. Rb5 Rg1 69. Bf3 Kf6 70. Be4 Be5 71. Rb6+ Kg7 72. Kh4 Rf1 73. Bb1 Rf4+ 74. Kh3 Rf2 75. Kg4 Rf4+ 76. Kh3 Bf6 77. Kg3 Be5 78. Kg2 f5 79. Re6 Bf6 80. Kg3 1/2-1/2

[Event "Budapest HUN"]
[Site "?"]
[Date "1998.??.??"]
[Round "5"]
[White "Francsics Endre"]
[Black "Nemeth Zoltan"]
[Result "0-1"]
[WhiteElo "2245"]
[BlackElo "2420"]
[PlyCount "102"]
[EventDate "1998.??.??"]
[Source "www.chesslib.no"]
[SourceDate "2004.05.04"]

1. d3 c5 2. c3 g6 3. g3 Bg7 4. Bg2 e6 5. e4 Nc6 6. Ne2 b6 7. O-O Nge7 8. Na3 Ba6 9. Nf4 O-O 10. Re1 Rc8 11. f3 d5 12. Bh3 Kh8 13. Nc2 dxe4 14. dxe4 Ne5 15. Bg2 g5 16. Nh5 Qxd1 17. Rxd1 Be2 18. Rd6 Bxf3 19. Nxg7 Kxg7 20. Bxg5 N7c6 21. Rf1 Bxg2 22. Kxg2 f6 23. Bh4 Rce8 24. Ne3 Nb8 25. g4 h6 26. Kh3 Rf7 27. b3 Nbd7 28. Ng2 Ng6 29. Bg3 Kf8 30. Nf4 Nxf4+ 31. Bxf4 Kg7 32. Kg2 Nf8 33. Bg3 Kg6 34. h4 h5 35. g5 fxg5 36. Rxf7 Kxf7 37. hxg5 Kg6 38. Bf4 Nh7 39. Rd7 Nxg5 40. Bxg5 Kxg5 41. Rxa7 Rd8 42. c4 Kf4 43. Kh3 Kxe4 44. Kh4 e5 45. Kxh5 Kd3 46. b4 cxb4 47. Ra4 e4 48. Rxb4 e3 49. Rb3+ Kd2 50. Rb2+ Kd1 51. Kg4 e2 0-1